| 000 | 00000nam 2200000zi 4500 |
| 001 | 9.942972 |
| 003 | CaOODSP |
| 005 | 20240909091639 |
| 006 | m o d f |
| 007 | cr mn||||||||| |
| 008 | 240909t19861987onc os f001 0 fre d |
| 020 | |a0662548302 |q(imprimé) |
| 040 | |aCaOODSP|bfre|erda|cCaOODSP |
| 041 | 0 |aeng|afre |
| 043 | |an-cn--- |
| 045 | |ax8x8 |
| 086 | 1 |aC2-101/1986-PDF |
| 086 | 1 |aC2-101-1986 |
| 245 | 00|aMarket opportunities catalogue : |bimport trends = Catalogue des possibilités du marché : tendance des importations. |
| 246 | 31|aCatalogue des possibilités du marché : |btendance des importations |
| 246 | 14|aMarket opportunities catalogue = |bCatalogue des possibilités du marché |
| 264 | 1|a[Ottawa] : |bMarket Development Branch, Department of Regional Industrial Expansion = Direction générale du développement des marchés, Ministère de l'expansion industrielle régionale, |c1986. |
| 264 | 4|c©1987 |
| 300 | |a1 ressource en ligne (xi, 675 pages) |
| 336 | |atexte|btxt|2rdacontent/fre |
| 337 | |ainformatique|bc|2rdamedia/fre |
| 338 | |aressource en ligne|bcr|2rdacarrier/fre |
| 500 | |a« Décembre 1986. » |
| 500 | |a« PU 2854 » -- Verso de la page de titre. |
| 500 | |a« Ce catalogue a été préparé par : Division des analyses et de l'information sur les marchés, Direction générale du développement des marchés, … » -- Page i. |
| 500 | |aPrincipalement des tables. |
| 500 | |aComprend un index. |
| 500 | |aÉdition numérisée de l'imprimé [par Innovation, sciences et développement économique Canada]. |
| 546 | |aTexte en anglais et en français. |
| 650 | 6|aImportations|zCanada|vStatistiques. |
| 651 | 6|aCanada|xCommerce|zStatistiques. |
| 655 | 7|aStatistiques|2rvmgf |
| 710 | 1 |aCanada. |bMinistère de l'expansion industrielle régionale. |bDivision des analyses et de l'information sur les marchés. |
| 788 | |tMarket opportunities catalogue : |eeng|w(CaOODSP)9.942971 |
| 856 | 40|qPDF|s13.71 Mo|uhttps://publications.gc.ca/collections/collection_2024/isde-ised/c2/C2-101-1986.pdf |